| 000 | 00803cam a2200301 i 4500 | ||
|---|---|---|---|
| 001 | 0000884 | ||
| 003 | DO-SdBNP | ||
| 005 | 20180219132543.0 | ||
| 007 | 0000884 | ||
| 008 | 100514s 1989 sp a | |||| 000 f spa | ||
| 015 | _a | ||
| 017 |
_a _b |
||
| 020 | _a8434825562 | ||
| 035 | _a | ||
| 040 |
_aBPMSU _bspa _cBPMSU _e |
||
| 080 | _a | ||
| 100 | 1 | _aCarvajal, Francisco | |
| 245 | 1 | 3 |
_aEl circo de Paco / _h _cFrancisco Carvajal ; ilustraciones Alfonso Ruano |
| 250 | _a2a. ed. | ||
| 260 |
_aMadrid : _bSm, _c1989. |
||
| 300 |
_a28 p.: _bil. _c30 cm. |
||
| 490 | 1 |
_aCuentos de la torre y la estrella _v39 |
|
| 700 | 1 | 2 |
_aRuano, Alfonso _eil. |
| 830 | 0 |
_aCuentos de la torre y la estrella _n39 |
|
| 942 |
_2ddc _cBK |
||
| 945 | _aInventariado, 2018/MFF | ||
| 956 |
_aYLOCKWARD _810 _cBPMSU |
||
| 999 |
_c12319 _d12319 |
||